[Event "TCh-HUN 2024-25"]
[Site "Hungary HUN"]
[Date "2025.03.02"]
[Round "6.3"]
[White "Samunenkov, Ihor"]
[Black "Juhasz, Agoston"]
[Result "1-0"]
[WhiteTitle "GM"]
[BlackTitle "IM"]
[WhiteElo "2523"]
[BlackElo "2432"]
[WhiteTeam "Tuxera ANSK"]
[BlackTeam "MTK Budapest"]
[WhiteFideId "14187086"]
[BlackFideId "778346"]
[EventDate "2024.11.02"]
[EventType "team-tourn"]

1. e4 c5 2. c3 Nf6 3. e5 Nd5 4. Bc4 Nb6 5. Bb3 d5 6. exd6 Qxd6 7. Na3 Be6 8. Nf3
Bxb3 9. axb3 a6 10. d4 cxd4 11. Nxd4 Nc6 12. Be3 Nxd4 13. Qxd4 Qxd4 14. Bxd4 Nd7
15. Nc4 b5 16. Ne3 e5 17. Nd5 O-O-O 18. Be3 Kb7 19. O-O-O Bc5 20. Rhe1 f6 21. b4
Bxe3+ 22. Nxe3 Nb6 23. Nf5 g6 24. Nd6+ Kc6 25. Nf7 Rxd1+ 26. Rxd1 Re8 27. Rd6+
Kc7 28. Rxf6 Nd7 29. Rxa6 Rf8 30. Nd6 Rxf2 31. Nxb5+ Kd8 32. c4 Ke7 33. c5 e4
34. Nd4 Nf8 35. Ra7+ Kd8 36. Ra8+ Ke7 37. c6 1-0

[Event "TCh-HUN 2024-25"]
[Site "Hungary HUN"]
[Date "2025.03.02"]
[Round "6.4"]
[White "Pribelszky, Bence"]
[Black "Kantor, Gergely"]
[Result "1-0"]
[WhiteTitle "IM"]
[BlackTitle "GM"]
[WhiteElo "2395"]
[BlackElo "2554"]
[WhiteTeam "MTK Budapest"]
[BlackTeam "Tuxera ANSK"]
[WhiteFideId "769738"]
[BlackFideId "751499"]
[EventDate "2024.11.02"]
[EventType "team-tourn"]

1. Nf3 d5 2. g3 c5 3. Bg2 Nf6 4. O-O e6 5. c4 d4 6. e3 Nc6 7. exd4 cxd4 8. d3 h6
9. Bf4 Nd7 10. Qe2 Be7 11. Be5 Ncxe5 12. Nxe5 Nxe5 13. Qxe5 O-O 14. Nd2 a5 15.
c5 f6 16. Qh5 Qc7 17. Rac1 Ra6 18. b3 Bd7 19. Rfe1 f5 20. a3 b6 21. b4 bxc5 22.
bxc5 Rb8 23. c6 Be8 24. Qe2 Bxa3 25. Qxe6+ Bf7 26. Qd7 Ra7 27. Qxf5 Bxc1 28.
Rxc1 a4 29. Be4 Ra5 30. Qh7+ Kf8 31. Qh8+ Bg8 32. Nc4 Rg5 33. f4 Rc5 34. Ra1 Qa7
35. Ne5 Rxe5 36. fxe5 Qf7 37. Rf1 a3 38. Bd5 1-0

[Event "TCh-HUN 2024-25"]
[Site "Hungary HUN"]
[Date "2025.03.02"]
[Round "6.5"]
[White "Antal, Gergely"]
[Black "Papp, Levente"]
[Result "1-0"]
[WhiteTitle "GM"]
[BlackTitle "FM"]
[WhiteElo "2543"]
[BlackElo "2367"]
[WhiteTeam "Tuxera ANSK"]
[BlackTeam "MTK Budapest"]
[WhiteFideId "717312"]
[BlackFideId "751243"]
[EventDate "2024.11.02"]
[EventType "team-tourn"]

1. e4 e6 2. d4 d5 3. Nd2 Nf6 4. e5 Nfd7 5. Bd3 c5 6. c3 Nc6 7. Ne2 cxd4 8. cxd4
f6 9. exf6 Nxf6 10. O-O Bd6 11. Nf3 Qc7 12. Bd2 O-O 13. Rc1 Bd7 14. a3 Be8 15.
b4 a6 16. Ng3 Bxg3 17. hxg3 Bh5 18. Qe1 Bxf3 19. gxf3 Qf7 20. Qe3 Ne8 21. Kg2
Nd6 22. g4 e5 23. dxe5 d4 24. Bxh7+ Kxh7 25. Qd3+ Nf5 26. Qxf5+ Qxf5 27. gxf5
Nxe5 28. Rc5 Nc6 29. Re1 Rf7 30. Kg3 Rd8 31. Bg5 Rd6 32. Bf4 Rdf6 33. Kg4 Rd7
34. Bg5 Rf8 35. Bd2 d3 36. Bc3 Kg8 37. Rd1 Ne7 38. Rd2 Nd5 39. Be5 Ne7 40. Rc3
Nxf5 41. Rdxd3 Nh6+ 42. Kg3 Nf5+ 43. Kh3 Rxd3 44. Rxd3 Kf7 45. f4 Ke6 46. Rc3
Rh8+ 47. Kg2 Rd8 48. Kf3 Rd7 49. Ke2 g6 50. Rc8 Ne7 51. Rf8 Nd5 52. Kf3 Rf7 53.
Re8+ Kd7 54. Rg8 Ne7 55. Rb8 Kc6 56. Kg4 Rh7 57. Rd8 Rh2 58. a4 Nf5 59. Kg5 Rg2+
60. Kf6 b6 61. Ra8 Rxf2 62. Kxg6 Ne7+ 63. Kg5 Nd5 64. Rd8 Nxb4 65. f5 Nd5 66. f6
Nxf6 67. Bxf6 Ra2 68. Rd4 b5 69. axb5+ axb5 70. Kf5 Kc5 71. Rd8 Re2 72. Be5 Kc4
73. Ke6 b4 74. Rc8+ Kd3 75. Kd5 Rc2 76. Rh8 Re2 77. Bd4 Kc2 78. Rh3 b3 79. Rc3+
Kd1 80. Rxb3 Kc2 81. Rh3 Kd1 82. Kc4 Rc2+ 83. Bc3 Rg2 84. Re3 Kc2 85. Bd4 Kd1
86. Re8 Re2 87. Ra8 Rg2 88. Ra3 Rc2+ 89. Kd3 Rd2+ 90. Ke4 Re2+ 91. Be3 Kc2 92.
Ra2+ Kd1 93. Ra1+ Kc2 94. Kf3 1-0

[Event "TCh-HUN 2024-25"]
[Site "Hungary HUN"]
[Date "2025.03.02"]
[Round "6.6"]
[White "Juhasz, Armin"]
[Black "Markus, Robert"]
[Result "0-1"]
[WhiteTitle "IM"]
[BlackTitle "GM"]
[WhiteElo "2379"]
[BlackElo "2592"]
[WhiteTeam "MTK Budapest"]
[BlackTeam "Tuxera ANSK"]
[WhiteFideId "724270"]
[BlackFideId "921637"]
[EventDate "2024.11.02"]
[EventType "team-tourn"]

1. d4 Nf6 2. c4 d6 3. Nc3 Nbd7 4. e4 e5 5. Nf3 g6 6. Be2 Bg7 7. O-O O-O 8. Be3
Qe7 9. dxe5 dxe5 10. Nd5 Qd8 11. Qc2 Nh5 12. g3 c6 13. Nc3 Qe7 14. Rab1 Re8 15.
b4 Nf8 16. Rfd1 Bg4 17. Ne1 Bxe2 18. Nxe2 Ne6 19. Nf3 a5 20. a3 axb4 21. axb4
Ra3 22. Rb3 Rxb3 23. Qxb3 Nf6 24. Qb1 Ng4 25. Bb6 Bf8 26. h3 Nf6 27. Ba5 Nd4 28.
Nexd4 exd4 29. Rxd4 Nxe4 30. Qd3 Qe6 31. c5 Nf6 32. Kg2 Nd5 33. Nd2 f5 34. Qf3
Bg7 35. Rd3 g5 36. Qh5 g4 37. hxg4 fxg4 38. b5 Rf8 39. bxc6 bxc6 40. Kf1 Ra8 41.
Ra3 Re8 42. Kg1 Rf8 43. Nf1 Qe2 44. Qh2 Bd4 0-1

[Event "TCh-HUN 2024-25"]
[Site "Hungary HUN"]
[Date "2025.03.02"]
[Round "6.7"]
[White "Medvegy, Zoltan"]
[Black "Fodor, Balazs"]
[Result "1-0"]
[WhiteTitle "GM"]
[WhiteElo "2514"]
[BlackElo "2206"]
[WhiteTeam "Tuxera ANSK"]
[BlackTeam "MTK Budapest"]
[WhiteFideId "708402"]
[BlackFideId "741850"]
[EventDate "2024.11.02"]
[EventType "team-tourn"]

1. Nf3 Nf6 2. c4 g6 3. Nc3 d6 4. d4 Bg7 5. e4 Bg4 6. Be2 Bxf3 7. gxf3 Nfd7 8. f4
e5 9. fxe5 dxe5 10. d5 Qh4 11. Qd3 Bh6 12. Qg3 Qxg3 13. hxg3 Bxc1 14. Rxc1 b6
15. Nb5 Na6 16. Kd2 Ke7 17. Rh6 Nf6 18. Ke3 Kf8 19. Rh2 Kg7 20. a3 Rhc8 21. b4
Nb8 22. c5 a6 23. Nc3 a5 24. c6 axb4 25. axb4 Na6 26. Rb1 h5 27. f3 Ne8 28. Bf1
Nb8 29. Ra2 Rxa2 30. Nxa2 Nd6 31. Nc3 Kf8 32. Ra1 Ke7 33. Ra7 f5 34. Bh3 Nc4+
35. Kd3 Nd6 36. Nd1 Nb5 37. Ra1 Rd8 38. Kc4 Nd6+ 39. Kd3 Nb5 40. Ke3 Nd4 41. Kf2
fxe4 42. fxe4 Rf8+ 43. Kg2 Kd6 44. Nc3 Rf6 45. Ra8 Rf8 46. Ra2 Ke7 47. Ra7 Kd6
48. Ra2 Ke7 49. Ne2 Nb5 50. Ra1 Rf6 51. Ra8 Rf8 52. Ra1 Rf6 53. g4 h4 54. g5 Rf8
55. Bg4 Nd6 56. Bf3 Nf7 57. Nc3 Nxg5 58. Be2 h3+ 59. Kg3 Rf4 60. Nb5 Rxe4 61.
d6+ cxd6 62. c7 Rxe2 63. cxb8=Q Rg2+ 64. Kh4 1-0

[Event "TCh-HUN 2024-25"]
[Site "Hungary HUN"]
[Date "2025.03.02"]
[Round "6.8"]
[White "Matyassy, Lazar"]
[Black "Aczel, Gergely"]
[Result "0-1"]
[WhiteTitle "CM"]
[BlackTitle "GM"]
[WhiteElo "2234"]
[BlackElo "2488"]
[WhiteTeam "MTK Budapest"]
[BlackTeam "Tuxera ANSK"]
[WhiteFideId "17005167"]
[BlackFideId "727709"]
[EventDate "2024.11.02"]
[EventType "team-tourn"]

1. d4 Nf6 2. Bf4 b6 3. Nc3 Bb7 4. f3 Nh5 5. Bg5 h6 6. Bh4 g5 7. Bf2 Bg7 8. e4 c5
9. Nge2 Nc6 10. g3 d6 11. Bh3 Nf6 12. Nd5 e6 13. Ne3 cxd4 14. Nxd4 Nxd4 15. Qxd4
O-O 16. Qd2 d5 17. exd5 Nxd5 18. c3 Nxe3 19. Qxe3 Qd5 20. O-O Rad8 21. Bg2 Rd7
22. Qe2 Rfd8 23. Be3 Qd3 24. Qxd3 Rxd3 25. Rfe1 Bf8 26. f4 Rxe3 27. Bxb7 gxf4
28. gxf4 Rxe1+ 29. Rxe1 Rd2 30. b4 Rxa2 31. f5 exf5 32. Re8 Rc2 33. Rc8 Kg7 34.
Rc6 Be7 35. Kf1 f4 36. Rc4 Rxh2 37. Rxf4 Bg5 38. Rf5 Rc2 39. Bd5 f6 40. c4 h5
41. Rf3 Rb2 42. Ra3 Rxb4 43. Rxa7+ Kg6 44. Be6 f5 45. Rf7 Bf6 46. Rc7 h4 47. c5
h3 48. cxb6 Rb1+ 49. Ke2 h2 50. Bd5 h1=Q 51. Bxh1 Rxh1 52. b7 Rb1 53. Rc1 Rxb7 0-1

[Event "TCh-HUN 2024-25"]
[Site "Hungary HUN"]
[Date "2025.03.02"]
[Round "6.9"]
[White "Gara, Anita"]
[Black "Geher, Koppany"]
[Result "1-0"]
[WhiteTitle "IM"]
[WhiteElo "2343"]
[BlackElo "2175"]
[WhiteTeam "Tuxera ANSK"]
[BlackTeam "MTK Budapest"]
[WhiteFideId "709751"]
[BlackFideId "785091"]
[EventDate "2024.11.02"]
[EventType "team-tourn"]

1. e4 e6 2. d4 d5 3. e5 c5 4. c3 Nc6 5. Nf3 Bd7 6. Be2 f6 7. O-O fxe5 8. Nxe5
Nxe5 9. dxe5 Qc7 10. Bh5+ g6 11. Bf3 Bg7 12. Re1 Bxe5 13. Qe2 Bxh2+ 14. Kh1 Nf6
15. g3 Bxg3 16. fxg3 Qxg3 17. Be3 O-O 18. Nd2 b6 19. Bg1 Rae8 20. Bh2 Qh4 21.
Qg2 Bc6 22. Re5 Ne4 23. Bxe4 dxe4 24. Kg1 e3 25. Ne4 Rf2 26. Qg3 Qxg3+ 27. Bxg3
Bxe4 28. Rxe4 Rxb2 29. Rxe3 b5 30. Bd6 c4 31. a4 bxa4 32. Rxa4 Rd8 33. Ra6 Rb6
34. Rxb6 axb6 35. Rxe6 Kf7 36. Re7+ Kf6 37. Bb4 h5 38. Rb7 Kf5 39. Rxb6 Re8 40.
Kf2 g5 41. Bc5 Ra8 42. Rb5 Ke4 43. Bd4 Ra2+ 44. Kg3 h4+ 45. Kh3 Kf4 46. Be5+ Kf3
47. Bf6 g4+ 48. Kxh4 Rh2+ 49. Kg5 g3 50. Bd4 Rc2 51. Rf5+ Ke2 52. Kf4 g2 53. Rg5
Kf1 54. Rg3 Re2 55. Rf3+ Ke1 56. Kg3 Kd2 57. Bf2 Re8 58. Kxg2 Rg8+ 59. Bg3 1-0

[Event "TCh-HUN 2024-25"]
[Site "Hungary HUN"]
[Date "2025.03.02"]
[Round "6.10"]
[White "Terbe, Zsuzsanna"]
[Black "Varga, Marko"]
[Result "1-0"]
[WhiteTitle "WIM"]
[WhiteElo "2160"]
[BlackElo "1668"]
[WhiteTeam "MTK Budapest"]
[BlackTeam "Tuxera ANSK"]
[WhiteFideId "708801"]
[BlackFideId "799335"]
[EventDate "2024.11.02"]
[EventType "team-tourn"]

1. d4 c5 2. d5 Nf6 3. c4 d6 4. Nc3 g6 5. Nf3 Bg7 6. e4 O-O 7. Be2 Bg4 8. O-O Re8
9. h3 Bxf3 10. Bxf3 e6 11. dxe6 Nc6 12. exf7+ Kxf7 13. Be3 Kg8 14. Qd2 a6 15.
Rad1 Re6 16. Rfe1 Qf8 17. Nd5 Rd8 18. Bg5 Ne5 19. Nxf6+ Bxf6 20. Bg4 Nxg4 21.
hxg4 Bxg5 22. Qxg5 Rf6 23. f3 Re8 24. Rd5 Rfe6 25. Qd2 b6 26. Rd1 Rd8 27. e5 Rd7
28. Rxd6 Rexd6 29. exd6 Qf6 30. g5 Qe6 31. Qd5 Kf7 32. Kf2 Qxd5 33. Rxd5 Ke6 34.
Ke3 Rxd6 35. Rxd6+ Kxd6 36. Ke4 Ke6 37. f4 b5 38. cxb5 axb5 39. g4 b4 40. f5+
gxf5+ 41. gxf5+ Kd6 42. b3 Ke7 43. Kd5 Kf7 44. Kxc5 Kg7 45. Kxb4 h5 46. gxh6+
Kxh6 47. a4 1-0

[Event "TCh-HUN 2024-25"]
[Site "Hungary HUN"]
[Date "2025.03.02"]
[Round "6.1"]
[White "Mazur, Stefan"]
[Black "Kozak, Adam"]
[Result "0-1"]
[WhiteTitle "IM"]
[BlackTitle "GM"]
[WhiteElo "2412"]
[BlackElo "2591"]
[WhiteTeam "Viadukt Biatorbagy"]
[BlackTeam "ASE Paks"]
[WhiteFideId "14909332"]
[BlackFideId "753246"]
[EventDate "2024.11.02"]
[EventType "team-tourn"]

1. e4 e5 2. Nf3 Nc6 3. Bb5 a6 4. Ba4 Nf6 5. O-O Be7 6. Re1 b5 7. Bb3 d6 8. c3
O-O 9. h3 Na5 10. Bc2 c5 11. d4 Qc7 12. d5 Nb7 13. b3 Bd7 14. c4 Ne8 15. Nc3 g6
16. Bd3 b4 17. Ne2 Ng7 18. Ng3 Nd8 19. Be3 f6 20. a3 a5 21. Qd2 Nf7 22. Ra2 Kh8
23. Qc2 Rfb8 24. a4 Rg8 25. Nh2 Raf8 26. Ng4 Qc8 27. Nh6 Nxh6 28. Bxh6 f5 29. f4
Bh4 30. Re3 exf4 31. Bxf4 fxe4 0-1

[Event "TCh-HUN 2024-25"]
[Site "Hungary HUN"]
[Date "2025.03.02"]
[Round "6.2"]
[White "Papp, Gabor1"]
[Black "Pacher, Milan"]
[Result "1/2-1/2"]
[WhiteTitle "GM"]
[BlackTitle "GM"]
[WhiteElo "2511"]
[BlackElo "2310"]
[WhiteTeam "ASE Paks"]
[BlackTeam "Viadukt Biatorbagy"]
[WhiteFideId "718602"]
[BlackFideId "14907445"]
[EventDate "2024.11.02"]
[EventType "team-tourn"]

1. e4 e5 2. Nf3 Nf6 3. Nxe5 d6 4. Nf3 Nxe4 5. d4 d5 6. Bd3 Nd6 7. O-O Bf5 8.
Re1+ Be7 9. Bxf5 Nxf5 10. Qd3 Nd6 11. Nc3 c6 12. Bg5 f6 13. Bf4 Na6 14. Bxd6
Qxd6 15. Re3 Kf7 16. Rae1 Rae8 17. Ne2 Nc7 18. Ng3 Qd7 19. h4 Bd6 20. Rxe8 Nxe8
21. Nf5 g6 22. Ne3 Bf4 23. g3 Bxe3 24. Qxe3 Nd6 25. Qf4 Kg7 26. h5 gxh5 27. Nh4
Ne4 28. f3 Ng5 29. Nf5+ Kg6 30. Re7 Nh3+ 31. Kf1 Nxf4 32. Nh4+ Kg5 33. Rxd7 Ng6
34. Rg7 a5 35. Kf2 f5 36. f4+ Kf6 37. Rxb7 Nxh4 38. gxh4 Rg8 39. Rxh7 Rg4 40.
Rh6+ Kg7 41. Rxh5 Rxf4+ 42. Ke3 Rf1 43. Rg5+ Kf6 44. Rg8 f4+ 45. Ke2 Rb1 46.
Rf8+ Kg7 47. Rb8 a4 48. a3 Rh1 49. Rb6 Kg6 50. Rxc6+ Kf5 51. c4 Ke4 52. cxd5
Rh2+ 53. Kf1 Kxd5 54. Rf6 Rxh4 55. Kg2 Kxd4 56. Kf3 Kc4 57. Rb6 Rh3+ 58. Kxf4
Rb3 59. Ra6 1/2-1/2

[Event "TCh-HUN 2024-25"]
[Site "Hungary HUN"]
[Date "2025.03.02"]
[Round "6.3"]
[White "Sipos, Istvan"]
[Black "Berkes, Ferenc"]
[Result "0-1"]
[WhiteTitle "IM"]
[BlackTitle "GM"]
[WhiteElo "2454"]
[BlackElo "2600"]
[WhiteTeam "Viadukt Biatorbagy"]
[BlackTeam "ASE Paks"]
[WhiteFideId "720631"]
[BlackFideId "718572"]
[EventDate "2024.11.02"]
[EventType "team-tourn"]

1. c4 c5 2. Nc3 Nc6 3. g3 g6 4. Bg2 Bg7 5. Nf3 d6 6. d3 Nf6 7. Bf4 h6 8. Qc1 Bf5
9. h3 Rc8 10. e4 Be6 11. Be3 Nd7 12. Qd2 Qa5 13. O-O Nd4 14. Nh2 b5 15. cxb5
Nxb5 16. Nxb5 Qxb5 17. d4 cxd4 18. Bxd4 Bxd4 19. Qxd4 O-O 20. Qd2 Kh7 21. Nf3
Qb6 22. Nd4 Bc4 23. Rfd1 a5 24. b3 Ba6 25. Rac1 Bb7 26. Kh2 Nf6 27. Rxc8 Rxc8
28. Qe3 Rc5 29. Ne2 Qc7 30. Rd2 h5 31. Qf4 Kg7 32. Nd4 Qc8 33. Ne2 Re5 34. f3
Qc5 35. h4 Qb4 36. Rc2 Rc5 37. Qd2 Rxc2 38. Qxc2 Qe1 39. Nc3 e5 40. Qb2 Ba6 41.
a3 Qe3 42. b4 axb4 43. axb4 Bc4 44. Nd1 Qe1 45. Qc3 Qe2 46. Ne3 Bd3 47. Nd5 Nxd5
48. exd5 Bc4 49. b5 Bxd5 50. b6 Qf2 51. Qd3 Bb7 0-1

[Event "TCh-HUN 2024-25"]
[Site "Hungary HUN"]
[Date "2025.03.02"]
[Round "6.4"]
[White "Acs, Peter"]
[Black "Bokros, Albert"]
[Result "1-0"]
[WhiteTitle "GM"]
[BlackTitle "IM"]
[WhiteElo "2585"]
[BlackElo "2396"]
[WhiteTeam "ASE Paks"]
[BlackTeam "Viadukt Biatorbagy"]
[WhiteFideId "708020"]
[BlackFideId "710458"]
[EventDate "2024.11.02"]
[EventType "team-tourn"]

1. e4 c5 2. Nf3 Nc6 3. c3 Nf6 4. e5 Nd5 5. d4 cxd4 6. cxd4 e6 7. Bc4 d6 8. O-O
Be7 9. a3 O-O 10. Re1 b6 11. Qe2 Bb7 12. Bd2 Rc8 13. Nc3 Nxc3 14. Bxc3 Na5 15.
Ba2 d5 16. Rac1 Nc4 17. Bb1 Qd7 18. h4 Rc7 19. Bb4 g6 20. Bxe7 Qxe7 21. Rc3 Na5
22. Rxc7 Qxc7 23. h5 Qe7 24. Qe3 Kg7 25. Qf4 Nc4 26. Re2 b5 27. Qg4 Bc8 28. Bd3
Bd7 29. Ng5 Be8 30. Nh3 Kh8 31. Nf4 Rg8 32. hxg6 hxg6 33. b3 Nxa3 34. Re3 Rg7
35. Rh3+ Kg8 36. Rh6 Rh7 37. Rxh7 Kxh7 38. Nh5 Qd8 39. Nf6+ Kg7 40. Qh4 Qc8 41.
Qh7+ Kf8 42. Qh6+ Ke7 43. Qd2 a5 44. Qxa5 Nc2 45. Qd2 1-0

[Event "TCh-HUN 2024-25"]
[Site "Hungary HUN"]
[Date "2025.03.02"]
[Round "6.5"]
[White "Vanczak, Tamas"]
[Black "Fodor, Tamas Jr."]
[Result "0-1"]
[WhiteTitle "IM"]
[BlackTitle "GM"]
[WhiteElo "2413"]
[BlackElo "2518"]
[WhiteTeam "Viadukt Biatorbagy"]
[BlackTeam "ASE Paks"]
[WhiteFideId "759929"]
[BlackFideId "723762"]
[EventDate "2024.11.02"]
[EventType "team-tourn"]

1. e4 e5 2. Nf3 Nc6 3. Bb5 Nf6 4. d3 d6 5. c3 g6 6. O-O Bg7 7. Bg5 h6 8. Bh4 O-O
9. Nbd2 Ne7 10. d4 Nh5 11. Re1 g5 12. Bg3 g4 13. Nh4 exd4 14. cxd4 Nxg3 15. hxg3
Bxd4 16. Nc4 Bf6 17. Ne3 h5 18. Qd2 Bxh4 19. gxh4 Ng6 20. Nf5 Qf6 21. Ng3 Kh7
22. Rac1 c6 23. Ba4 Rd8 24. Qa5 Ne5 25. Rcd1 Be6 26. Bc2 Qxh4 27. Rxd6 Qg5 28.
Qa3 Rxd6 29. Qxd6 Rd8 30. Qc7 h4 31. Nf5 Nf3+ 32. gxf3 gxf3+ 33. Ng3 hxg3 0-1

[Event "TCh-HUN 2024-25"]
[Site "Hungary HUN"]
[Date "2025.03.02"]
[Round "6.6"]
[White "Kaczur, Florian"]
[Black "Bagi, Mate"]
[Result "1-0"]
[WhiteTitle "IM"]
[BlackTitle "IM"]
[WhiteElo "2509"]
[BlackElo "2425"]
[WhiteTeam "ASE Paks"]
[BlackTeam "Viadukt Biatorbagy"]
[WhiteFideId "705098"]
[BlackFideId "742570"]
[EventDate "2024.11.02"]
[EventType "team-tourn"]

1. c4 Nf6 2. Nc3 c5 3. Nf3 d5 4. cxd5 Nxd5 5. e4 Nb4 6. Bc4 Nd3+ 7. Ke2 Nf4+ 8.
Kf1 Nd3 9. Qe2 Nxc1 10. Rxc1 e6 11. g3 Nc6 12. Bb5 Bd7 13. Kg2 Be7 14. Rhd1 Nd4
15. Nxd4 cxd4 16. Nb1 O-O 17. Bxd7 Qxd7 18. d3 e5 19. Nd2 Rac8 20. Nf3 Bd6 21.
Qd2 f6 22. Qa5 Bb8 23. Qd2 Bd6 24. Rxc8 Rxc8 25. Rc1 Rc6 26. Rxc6 Qxc6 27. Qa5
a6 28. Qd8+ Bf8 29. b3 b5 30. g4 Kf7 31. g5 Qd6 32. Qa8 Qe6 33. h3 Be7 34. Qh8
fxg5 35. Qxh7 Qf6 36. Qh5+ Kf8 37. Qh8+ Kf7 38. Qb8 Bd6 39. Qb7+ Kg8 40. Qxa6
Qe6 41. Nh2 1-0

[Event "TCh-HUN 2024-25"]
[Site "Hungary HUN"]
[Date "2025.03.02"]
[Round "6.7"]
[White "Torma, Robert"]
[Black "Krstulovic, Alex"]
[Result "1/2-1/2"]
[WhiteTitle "IM"]
[BlackTitle "IM"]
[WhiteElo "2419"]
[BlackElo "2439"]
[WhiteTeam "Viadukt Biatorbagy"]
[BlackTeam "ASE Paks"]
[WhiteFideId "719030"]
[BlackFideId "760056"]
[EventDate "2024.11.02"]
[EventType "team-tourn"]

1. d4 Nf6 2. c4 g6 3. Nc3 d5 4. Nf3 Bg7 5. Qa4+ Bd7 6. Qb3 dxc4 7. Qxc4 Be6 8.
Qb5+ Bd7 9. Qc4 Be6 10. Qb5+ Bd7 11. Qc4 1/2-1/2

[Event "TCh-HUN 2024-25"]
[Site "Hungary HUN"]
[Date "2025.03.02"]
[Round "6.8"]
[White "Lizak, Peter"]
[Black "Fodor, Istvan2"]
[Result "0-1"]
[WhiteTitle "IM"]
[BlackTitle "FM"]
[WhiteElo "2390"]
[BlackElo "2321"]
[WhiteTeam "ASE Paks"]
[BlackTeam "Viadukt Biatorbagy"]
[WhiteFideId "731595"]
[BlackFideId "726591"]
[EventDate "2024.11.02"]
[EventType "team-tourn"]

1. c4 c6 2. g3 d5 3. Nf3 Bg4 4. Bg2 e6 5. O-O Nf6 6. Qb3 Qb6 7. d3 Nbd7 8. Be3
Bc5 9. Bxc5 Nxc5 10. Qc2 Bxf3 11. Bxf3 O-O 12. Nd2 Ncd7 13. Rfc1 a5 14. Rab1 Ne5
15. Bg2 Rfd8 16. c5 Qc7 17. d4 Ng6 18. e3 e5 19. f4 exd4 20. exd4 Re8 21. Re1
Rxe1+ 22. Rxe1 Re8 23. Rxe8+ Nxe8 24. Bh3 Qe7 25. Kf2 Nf6 26. Qd3 h5 27. f5 Nf8
28. Qe3 Qd8 29. Ke2 b6 30. cxb6 Qxb6 31. b3 Qb4 32. a4 N8d7 33. Kd1 c5 34. dxc5
Nxc5 35. Bf1 Nfe4 36. Nxe4 Nxe4 37. Kc2 h4 38. gxh4 Qb8 39. Kb1 Qe5 40. Kc2
Qxh2+ 41. Be2 Qc7+ 42. Kd1 Qe5 43. Bd3 Qc3 44. Ke2 Qb2+ 45. Kf3 Qxb3 46. Bxe4
dxe4+ 47. Kf4 Qxa4 48. Qa7 e3+ 49. Kxe3 Qb3+ 50. Kf4 Qc4+ 51. Kg3 a4 52. f6 gxf6
53. h5 Kg7 54. Qa8 Qd3+ 55. Kf4 Qf1+ 56. Kg3 Qg1+ 57. Kh3 Qe3+ 58. Kg2 Qg5+ 59.
Kf2 Qd2+ 60. Kg3 Qd3+ 61. Kf2 a3 62. h6+ Kxh6 63. Qh8+ Kg5 64. Qg7+ Qg6 65. Qf8
a2 66. Qa3 Qc2+ 67. Kg3 Qc7+ 68. Kh3 Qc8+ 69. Kh2 Qc2+ 70. Kg3 Qb1 0-1

[Event "TCh-HUN 2024-25"]
[Site "Hungary HUN"]
[Date "2025.03.02"]
[Round "6.9"]
[White "Erdos, Boglarka"]
[Black "Bodrogi, Bendeguz"]
[Result "0-1"]
[WhiteTitle "WFM"]
[BlackTitle "FM"]
[WhiteElo "2115"]
[BlackElo "2358"]
[WhiteTeam "Viadukt Biatorbagy"]
[BlackTeam "ASE Paks"]
[WhiteFideId "727458"]
[BlackFideId "790303"]
[EventDate "2024.11.02"]
[EventType "team-tourn"]

1. e4 c6 2. d4 d5 3. exd5 cxd5 4. Bd3 Nf6 5. c3 Bg4 6. Qb3 Qc7 7. Bg5 e6 8. Nd2
Bd6 9. Ngf3 Nc6 10. O-O O-O 11. Rae1 Nd7 12. Qc2 h6 13. Bh4 Rfc8 14. Qb1 Rab8
15. Bg3 Bxf3 16. Nxf3 b5 17. Re3 b4 18. Ba6 Rd8 19. Qc1 Bxg3 20. hxg3 Qa5 21.
Bd3 bxc3 22. Bb1 Rxb2 23. Qxc3 Qb6 24. Qd3 Nf6 25. g4 Rb8 26. Ree1 Nb4 27. Qa3
Nc2 28. Bxc2 Rxc2 29. g5 hxg5 30. Nxg5 Qxd4 31. Qe7 Rf8 32. Rxe6 Qf4 33. Rxf6
gxf6 34. Nh7 Kxh7 35. Qxf8 Rc7 36. g3 Qf3 37. Re1 Rb7 38. Rc1 d4 39. Qc8 Rb2 40.
Rf1 Kg7 41. a4 d3 42. Qc3 Rb8 0-1

[Event "TCh-HUN 2024-25"]
[Site "Hungary HUN"]
[Date "2025.03.02"]
[Round "6.10"]
[White "Papp, Petra"]
[Black "Makay, Mark Janos"]
[Result "0-1"]
[WhiteTitle "WGM"]
[WhiteElo "2239"]
[BlackElo "2051"]
[WhiteTeam "ASE Paks"]
[BlackTeam "Viadukt Biatorbagy"]
[WhiteFideId "739049"]
[BlackFideId "790206"]
[EventDate "2024.11.02"]
[EventType "team-tourn"]

1. d4 Nf6 2. c4 g6 3. Nc3 d5 4. cxd5 Nxd5 5. e4 Nxc3 6. bxc3 Bg7 7. Nf3 c5 8.
Bb5+ Nd7 9. O-O O-O 10. Re1 Qc7 11. Bg5 Nf6 12. Qc1 a6 13. Bf1 b5 14. d5 e5 15.
a4 Bd7 16. Qa3 bxa4 17. Nd2 Rfb8 18. f3 Ne8 19. Rab1 Bf8 20. Nc4 Rxb1 21. Rxb1
Rb8 22. Rd1 Bd6 23. Be3 Rb3 24. Qa1 Bb5 25. Bf2 Kg7 26. Qc1 Kg8 27. h4 h5 28.
Kh2 Kg7 29. Bg3 f6 30. Be1 Bd7 31. Qe3 Bb5 32. Bd2 Kg8 33. Be2 Qe7 34. Be1 Bd7
35. Bf2 Nc7 36. Qh6 Be8 37. g4 hxg4 38. Rg1 gxf3 39. Nxd6 Qxd6 40. Bxf3 Qf8 41.
Qd2 Nb5 42. Rc1 a3 43. Rc2 Kh7 44. Be3 Bd7 45. Qf2 Nxc3 46. Bxc5 Qh6 47. Be3 g5
48. Bd2 Nb5 49. h5 Nd4 50. Rc3 a2 51. Rxb3 a1=Q 52. Rb7 Qa4 53. Bg4 f5 54. Bxf5+
Nxf5 55. Qxf5+ Kg8 56. Rb8+ Be8 57. Bxg5 Qxh5+ 58. Kg3 Qa3+ 59. Kg2 Qe2+ 60. Qf2
Qaf3+ 0-1

[Event "TCh-HUN 2024-25"]
[Site "Hungary HUN"]
[Date "2025.03.02"]
[Round "6.1"]
[White "Indjic, Aleksandar"]
[Black "Mihok, Oliver"]
[Result "0-1"]
[WhiteTitle "GM"]
[BlackTitle "GM"]
[WhiteElo "2623"]
[BlackElo "2522"]
[WhiteTeam "Aquarena Kobanya SC"]
[BlackTeam "Duocor-Makoi SVSE"]
[WhiteFideId "911925"]
[BlackFideId "728012"]
[EventDate "2024.11.02"]
[EventType "team-tourn"]

1. Nf3 Nf6 2. c4 g6 3. Nc3 Bg7 4. e4 d6 5. d4 O-O 6. Be2 e5 7. d5 a5 8. h3 Nfd7
9. g4 Nc5 10. Rg1 Kh8 11. Be3 Nba6 12. a3 Bd7 13. Qc2 f5 14. Rg2 a4 15. Nd2 Nb3
16. Nxb3 f4 17. Bc1 f3 18. Rg3 axb3 19. Qxb3 fxe2 20. Kxe2 Nc5 21. Qc2 Na4 22.
Nxa4 Bxa4 23. b3 Bd7 24. Bb2 Bf6 25. Rd3 Rf7 26. a4 Bh4 27. Rf1 Qf8 28. f3 Qh6
29. Kd1 Bg5 30. Qg2 Raf8 31. Bc3 c6 32. dxc6 Bxc6 33. Re1 Kg8 34. Kc2 Be7 35.
Kb2 g5 36. Re2 Qg6 37. Qh1 h5 38. Red2 Rf4 39. Bb4 Qf7 40. Bxd6 Bxd6 41. Rxd6
Rxf3 42. gxh5 Bxe4 43. Qg1 Qxh5 44. Rg2 R3f5 45. Rg4 Bf3 46. Ka3 R8f7 47. Rg3
Kg7 48. Qb6 Bc6 49. a5 Qh4 50. Qg1 Bf3 51. Qe1 Qf4 52. Rg1 e4 53. Re6 Qc7 54. h4
Qxa5+ 55. Qxa5 Rxa5+ 56. Kb4 Raf5 57. hxg5 Rd7 58. Kc3 Rff7 59. Re1 Rfe7 60. Rf6
Re5 61. Rxf3 exf3 62. Rxe5 f2 63. Rf5 Rf7 64. Rxf2 Rxf2 65. Kb4 Rf3 66. Ka4 Kg6
67. c5 Kxg5 68. b4 Kf6 69. Ka5 Rb3 70. b5 Ke6 0-1